[Event "Napoli Spring Cup 1st"]
[Site "Napoli"]
[Date "2017.04.13"]
[Round "6"]
[White "Melchior, Alex"]
[Black "Gatto, Lucio"]
[Result "1-0"]
[WhiteElo "1983"]
[BlackElo "2071"]
[PlyCount "93"]
[EventDate "2017.03.09"]
[EventType "swiss"]
[EventRounds "6"]
[EventCountry "ITA"]
[SourceTitle "EXT 2018"]
[Source "ChessBase"]
[SourceDate "2017.10.13"]
[SourceVersion "1"]
[SourceVersionDate "2017.10.13"]
[SourceQuality "1"]

1. d4 d5 2. Nf3 c6 3. c4 Nf6 4. Nc3 e6 5. Bg5 Be7 6. e3 Nbd7 7. Qc2 h6 8. cxd5 Nxd5 9. Bxe7 Qxe7 10. a3 0-0 11. Bd3 e5 12. Nxd5 cxd5 13. dxe5 Nxe5 14. Nxe5 Qxe5 15. 0-0 Bd7 16. Rac1 Rac8 17. Qd2 Bc6 18. Rfd1 Rfe8 19. Qc3 Qg5 20. Qd4 a6 21. Rc3 Re6 22. Rdc1 Rce8 23. Rc5 f5 24. h4 Qh5 25. b4 Re4 26. Bxe4 Rxe4 27. Qd1 Qxh4 28. Rxc6 bxc6 29. Rxc6 d4 30. exd4 Rxd4 31. Qb3+ Kh7 32. Rxa6 Qd8 33. Qg3 Rg4 34. Qf3 Qg5 35. g3 h5 36. Ra5 Kg6 37. Kg2 h4 38. Rc5 hxg3 39. fxg3 Rd4 40. Rc6+ Kh7 41. Rc2 f4 42. Rc5 Qd8 43. Rh5+ Kg6 44. Qg4+ Kf7 45. Rh7 Rd2+ 46. Kh3 Qf6 47. Rxg7+ 1-0

[Event "Napoli Sociale op"]
[Site "Napoli"]
[Date "2015.07.16"]
[Round "7"]
[White "Gatto, Lucio"]
[Black "Vecchione, Anna Pia"]
[Result "1-0"]
[WhiteElo "2082"]
[BlackElo "1722"]
[PlyCount "115"]
[EventDate "2015.06.04"]
[EventType "swiss"]
[EventRounds "7"]
[EventCountry "ITA"]
[SourceTitle "EXT 2017"]
[Source "ChessBase"]
[SourceDate "2016.10.25"]
[SourceVersion "1"]
[SourceVersionDate "2016.10.25"]
[SourceQuality "1"]

1. Nf3 Nf6 2. d4 d5 3. e3 c5 4. Be2 e6 5. 0-0 Be7 6. b3 0-0 7. Bb2 b6 8. Ne5 Bb7 9. Nd2 Nfd7 10. Ndf3 f6 11. Nxd7 Nxd7 12. c4 dxc4 13. bxc4 Ba6 14. d5 exd5 15. Qxd5+ Kh8 16. Rad1 Ne5 17. Nxe5 Qxd5 18. Rxd5 fxe5 19. Bxe5 Rad8 20. Rfd1 Rxd5 21. Rxd5 Bc8 22. Bd6 Bxd6 23. Rxd6 Kg8 24. f4 Re8 25. Kf2 Kf7 26. Rc6 Bf5 27. Bf3 Re7 28. Bd5+ Ke8 29. Rd6 Be4 30. g4 Bxd5 31. Rxd5 Re4 32. Re5+ Rxe5 33. fxe5 g5 34. Kf3 Ke7 35. a4 Ke6 36. Ke4 a6 37. h3 h6 38. Kd3 Kxe5 39. Kd2 Ke4 40. Ke2 a5 41. Kd2 Kf3 42. Kd3 Kg3 43. Ke2 Kxh3 44. Kf3 h5 45. gxh5 g4+ 46. Kf4 g3 47. h6 g2 48. h7 g1Q 49. h8Q+ Kg2 50. Qg7+ Kf2 51. Qxg1+ Kxg1 52. e4 Kf2 53. e5 Ke2 54. e6 b5 55. cxb5 c4 56. e7 c3 57. e8Q+ Kd1 58. Kf3 1-0

[Event "Napoli Sociale op"]
[Site "Napoli"]
[Date "2015.07.03"]
[Round "5"]
[White "Baltzopoulos, Giorgos"]
[Black "Gatto, Lucio"]
[Result "0-1"]
[WhiteElo "2002"]
[BlackElo "2082"]
[PlyCount "69"]
[EventDate "2015.06.04"]
[EventType "swiss"]
[EventRounds "7"]
[EventCountry "ITA"]
[SourceTitle "EXT 2017"]
[Source "ChessBase"]
[SourceDate "2016.10.25"]
[SourceVersion "1"]
[SourceVersionDate "2016.10.25"]
[SourceQuality "1"]

1. d4 d5 2. c4 e6 3. Nc3 c6 4. Nf3 Nf6 5. e3 Bd6 6. Ne5 dxc4 7. Nxc4 Bc7 8. Bd3 Nbd7 9. 0-0 b5 10. Nd2 e5 11. Qf3 Rb8 12. Nde4 0-0 13. Bd2 Nxe4 14. Nxe4 f5 15. Bb4 fxe4 16. Qxe4 Nf6 17. Qxc6 Rb6 18. Qc2 Rf7 19. dxe5 Bxe5 20. Rad1 Qc7 21. f4 Qxc2 22. Bxc2 Bc7 23. e4 Rc6 24. Bd3 Bb6+ 25. Kh1 a6 26. e5 Ng4 27. Be4 Rc4 28. Bd5 Rxb4 29. Bxf7+ Kxf7 30. Rd6 Be3 31. h3 Nf2+ 32. Kh2 Rxf4 33. Rc6 Rc4 34. Rd6 Rc7 35. Kg3 0-1